Modelo de captación de recursos para la Facultad de Ingeniería de la Universidad de Costa Rica
Guardado en:
| Hovedforfatter: | |
|---|---|
| Andre forfattere: | |
| Format: | Bog |
| Udgivet: |
San José, Costa Rica
1991
|
| Fag: | |
| Tags: |
Tilføj Tag
Ingen Tags, Vær først til at tagge denne postø!
|
MARC
| LEADER | 00000nam a2200000Ia 4500 | ||
|---|---|---|---|
| 003 | 007371 | ||
| 005 | 20240205104248.0 | ||
| 008 | 140114s1991 cr a m 000 ||s d | ||
| 040 | |c cru CEDI | ||
| 090 | |a TFG 3093 | ||
| 100 | |a Zavaleta Raez, María del Pilar |9 11380 | ||
| 245 | |a Modelo de captación de recursos para la Facultad de Ingeniería de la Universidad de Costa Rica | ||
| 260 | |a San José, Costa Rica |c 1991 | ||
| 300 | |a xviii, 242 [109] hojas ; 27 cm. | ||
| 500 | |a Proyecto de graduación (licenciatura en ingeniería industrial)--Universidad de Costa Rica. Facultad de Ingeniería. Escuela de Ingeniería Industrial | ||
| 501 | |a Directora de Proyecto de Graduación: M.Sc. Elizabeth Coto Chinchilla | ||
| 650 | |x UNIVERSIDAD DE COSTA RICA. FACULTAD DE INGENIERIA |9 11381 | ||
| 700 | |a Coto Chinchilla, Elizabeth, 1953- |d Directora del TFG |9 2266 | ||
| 942 | |c TFG |h TFG 3093 |i 007371 |6 TFG_3093_007371000000000 | ||
| 999 | |c 19643 |d 19643 | ||
